| 000 | 00425 a2200169 4500 | ||
|---|---|---|---|
| 001 | 62816 | ||
| 082 | _a005.13021NYH | ||
| 090 |
_c37232 _d37232 |
||
| 100 | _aNyhoff, Larry | ||
| 245 |
_aIntroduction to FORTRAN 90 _cLarry Nyhoff |
||
| 250 | _a2 | ||
| 260 |
_aNew Jersey _bPrentice Hall _c1999 |
||
| 300 |
_axvii,302p. _bphotocopy |
||
| 500 | _aBE textbook H & S dept | ||
| 650 | _aFORTRAN 90 | ||
| 740 | _aFORTRAN 90 | ||
| 942 |
_aNUST-CAE _k005.13021NYH |
||
| 999 |
_c297889 _d297889 |
||